=LDR 00000nam 2200000 4500 =001 INLIS000000000007912 =005 20130612095836 =008 ***********************************Ind** =035 ##$$0010-061300000007912 =041 ##$$a Ind =082 ##$$a 001.640 4 =090 ##$$a 001.640 4, Gro w =100 ##$$a Gront, Eileen =245 ##$$a Wordstar untuk sekutaris, Ellen Gront, Annetta Perry ; alih bahasa bahasa, Suryakusum0 =260 ##$$a 1990 $b Jakarta =300 ##$$a vii, 64 hlm, ilus, 28 cm =650 ##$$a Komputer